000 01054nam a22003017a 4500
001 7499
003 FISKH
005 20250722111507.0
008 250722b cb ||||| |||| 00| 0 eng d
020 _a9780448456928
040 _aFISKH
_beng
_cFISKH
_dFISKH
050 _aPZ7.B882527
082 _a823.92
100 _aGrosset
245 _aBuddy loses a tooth /
_cBy Grosset & Dunlap
260 _aNew York :
_bPenguin Group ,
_c2011.
300 _a32 unnumbered pages :
_bcolor illustrations ;
_c21 cm .
490 _aDinosaur Train
505 _aG
520 _a"Hop onto the Dinosaur Train and find out all about dinosaur teeth when Buddy loses his first tooth! Travel to Rexville Station, where Buddy and his family visit Delores Tyrannosaurus to learn about T. rex teeth. All Aboard!." -- Cover, p. [4].
521 8 _a400
_bLexile estimate
521 8 _aG
_bRaz-Plus
650 _aFamily
_vFiction
650 _aTeeth
_vFiction
700 _aBartlett, Craig
_eIllustrator
942 _2ddc
_cBK
_n0
999 _c7499
_d7499